Sudden Death Click all cities of France (Hard) - Statistics

General Stats
  • This quiz has been taken 65 times
    56 since last reset
  • The average score is 13 of 19
Answers on the Grid
Answers color-coded by a green-red scale on the quiz's grid according to % correct below.
Ajaccio
Paris
Nancy
Brest
Toulon
Rouen
Dijon
Gijon
Avignon
Lille
Cannes
Libreville
Marseille
Tours
Bastogne
Liege
Geneva
Florence
Port Gentil
Cayenne
Les Cayes
Baton rouge
Des moines
Trois-Rivières
Clermont-Ferrand
St Etienne
Angers
La Rochelle
Grenoble
Limoges
Lomé
Cotonou
 
Answer Stats
Answer % Correct
Paris
89%
Cannes
87%
Marseille
80%
Dijon
78%
Tours
78%
Avignon
76%
Lille
76%
Nancy
76%
St Etienne
71%
Clermont-Ferrand
69%
Rouen
69%
Toulon
69%
Brest
67%
Limoges
64%
Grenoble
62%
La Rochelle
60%
Angers
58%
Ajaccio
51%
City of French Guiana Cayenne
47%
No matching quizzes found
Score Distribution
Percent of People with Each Score
Percentile by Number Answered
Your Score History
You have not taken this quiz since the last reset